{"text_format":"3","workbook":"xls","n_sheets":1,"sheets":["sheet1"],"read":"whole","date_system":"1900","formulas":"cached_only"}

{"sheet":"sheet1","index":0,"n_rows":18,"n_cols":10,"rows_kept":18,"flags":["formulas_cached_only"]}
["序号","名称","规格尺寸","用材/工艺","单位","价格(含税)","价格(不含税)","增值税率%","数量","金额小计（含税价）"]
[1,"名片","5.4cmx9cm","300g刚古纸+正反二色","盒",35,30.97,13,100,3500]
[2,"海报","57cmx84cm","250g铜版纸单面四色","张",6.5,5.75,13,1000,6500]
[3,"一折页","21cmx9.5cm","250g铜版纸正反四色","张",0.2,0.18,13,10000,2000]
[4,"二折页","21cmx19cm","250g铜版纸正反四色折成品","张",0.35,0.31,13,10000,3500]
[5,"三折页","28.5cmx21cm","250g铜版纸正反四色折成品","张",0.43,0.38,13,10000,4300]
[6,"四折页","36cmx21cm","250g铜版纸正反四色折成","张",0.48,0.42,13,10000,4800]
[7,"五折页","47.5cmx21cm","250g铜版纸正反四色折成品","张",0.52,0.46,13,10000,5200]
[8,"六折页","58.5cmx21cm","250g铜版纸正反四色折成品","张",0.55,0.49,13,10000,5500]
[9,"七折页","66.5cmx21cm","250g铜版纸正反四色折成品","张",0.57,0.5,13,10000,5699.999999999999]
[10,"八折页","76cmx21cm","250g铜版纸正反四色折成品","张",0.6,0.53,13,10000,6000]
[11,"九折页","85.5cmx21cm","250g铜版纸正反四色折成品","张",0.63,0.56,13,10000,6300]
[12,"宣传单页","21cmx28.5cm","250g铜版纸正反四色折成品","张",0.26,0.23,13,10000,2600]
[13,"宣传册","21cmx28.5cm","封面250g铜板覆膜正反四色4p，内文157g铜板正反四色60p无线胶装","本",3.8,3.36,13,10000,38000]
[14,"口袋书","21cmx14.5cm","封面250g铜板覆膜正反四色4p，内文157g铜板正反四色100p无线胶装","本",3.2,2.83,13,10000,32000]
[15,"X展架(含支架)","180cmx80cm","全铝材合金美式支架+相纸画面（220g福莱森特新型环保相纸材料）","套",130,115.04,13,1,130]
[16,"易拉宝","200cmx80cm","铝合金加厚架子+相纸画面（220g福莱森特新型环保相纸材料）","套",160,141.59,13,1,160]
[null,"合计",{"$nulls":7},126190]